Fifteen in Five Quiz Stats

 Plays Quiz Updated Aug 22, 2016

Also try: Five in One
Challenge
Share
Tweet
Embed
Score 0/107 Timer 05:00
1 Play Today
% Correct
Green
94.5%
Red
94.2%
Blue
93.8%
Yellow
93.7%
Orange
91.9%
Winnie-the-Pooh
86.5%
Violet
85.1%
Noun
84.6%
Verb
84.2%
King
83.6%
Queen
83.6%
Sleepy
80%
Blitzen
79.9%
Adjective
79.8%
Indigo
79.6%
Donner
79.6%
Dancer
79.2%
Roo
79%
Pawn
78.8%
Michael
78.4%
Tigger
78%
Adverb
77.7%
Rook
77%
Doc
76.7%
Prancer
76.6%
Knight
76.3%
Cupid
74.3%
Jan
74.3%
Dasher
73.4%
Comet
72.9%
Dopey
72.5%
Vixen
72.1%
Grumpy
71%
Piglet
69%
Bishop
67.7%
Greed
67.2%
% Correct
Sneezy
67%
F Bomb
65.4%
Happy
64.6%
Christopher Robin
64.5%
Lust
64.4%
Russia
63.6%
Poop
63.6%
Denmark (Greenland)
63.5%
Eeyore
63.5%
Sloth
62.1%
Canada
60.9%
Norway
60.8%
Sweden
59.7%
Iceland
59.7%
Bashful
58.6%
Finland
58.5%
Gluttony
58.3%
Nobel Peace Prize
56.6%
Marcia
56.4%
Envy
54.8%
Pronoun
54.5%
Owl
54.4%
Kanga
54.4%
Cindy
51.2%
The C Word
50.9%
Bobby
50.3%
Neon
50.2%
Rabbit
50.2%
Greg
50%
Nobel Prize in Literature
47.6%
Peter
47.5%
Alice
46.4%
Tito
45.7%
Helium
44.2%
United States
44.2%
Argon
42.2%
% Correct
Babe Ruth
39.9%
Wrath
39.9%
Barry Bonds
39.3%
Pride
39.1%
Mike
37.8%
Xenon
37.6%
Jermaine
37.3%
Hank Aaron
36.6%
Nobel Prize in Physics
36.5%
Carol
36.4%
Preposition
35.4%
Anne Boleyn
34.5%
Nobel Prize in Chemistry
34.5%
Conjunction
33.5%
Sammy Sosa
30.2%
Katherine of Aragon
26.9%
Overly Amorous Lover of Moms
24.8%
Radon
23.7%
Willie Mays
22.1%
Alex Rodriguez
20.3%
Krypton
19.5%
Nobel Prize in Medicine
18.8%
Fellatio Aficionado
18.8%
Pee Pee
18.8%
Jane Seymour
18.5%
Ken Griffey Jr.
18%
Katherine Parr
16.2%
Prize in Economics
16%
Anne of Cleves
15.2%
Bosom
14.5%
Interjection
14.4%
Katherine Howard
10.6%
Jackie
9.6%
Marlon
9%
Jim Thome
5.9%

You're not logged in!

Compare scores with friends on all Sporcle quizzes.
Join for Free
OR
Log In

You Might Also Like...

Show Comments

Extras

Top Quizzes Today


Score Distribution

Your Account Isn't Verified!

In order to create a playlist on Sporcle, you need to verify the email address you used during registration. Go to your Sporcle Settings to finish the process.

Report this User

Report this user for behavior that violates our Community Guidelines.

Details: